情報処理産業の現状(昭和57年9月)
Guardat en:
| Autor corporatiu: | |
|---|---|
| Format: | Llibre |
| Idioma: | Undetermined |
| Publicat: |
「東京」
通商産業省機械情報産業局
1982
|
| Matèries: | |
| Etiquetes: |
Afegir etiqueta
Sense etiquetes, Sigues el primer a etiquetar aquest registre!
|
| Thư viện lưu trữ: | Trung tâm Học liệu Trường Đại học Cần Thơ |
|---|
| LEADER | 00578nam a2200181Ia 4500 | ||
|---|---|---|---|
| 001 | CTU_80762 | ||
| 008 | 210402s9999 xx 000 0 und d | ||
| 082 | |a 658.45 | ||
| 082 | |b T877 | ||
| 110 | |a 通商産業省機械情報産業局 | ||
| 245 | 0 | |a 情報処理産業の現状(昭和57年9月) | |
| 245 | 0 | |c 通商産業省機械情報産業局 | |
| 260 | |a 「東京」 | ||
| 260 | |b 通商産業省機械情報産業局 | ||
| 260 | |c 1982 | ||
| 650 | |a Information Resources Management | ||
| 904 | |i Ngoc,Hải | ||
| 980 | |a Trung tâm Học liệu Trường Đại học Cần Thơ | ||